Пропуск в контексте

Практический аудит

Рассмотрены процедуры аудита отдельных статей бухгалтерской отчётности. Изложены основные подходы к аудиторской проверке основных средств и нематериальных активов, а также вложений во внеоборотные активы. Описаны приёмы проверки остатков и оборотов по счетам учёта материальнопроизводственных запасов...

Полное описание

Сохранить в:
Библиографические подробности
Главный автор: Кириченко Е. А.
Другие авторы: Смагина М. Н.
Формат: Книга
Язык:Russian
Опубликовано: Тамбов ТГТУ 2019
Online-ссылка:https://e.lanbook.com/book/320105
https://e.lanbook.com/img/cover/book/320105.jpg
Метки: Добавить метку
Нет меток, Требуется 1-ая метка записи!
LEADER 02479nam0a2200301 i 4500
001 320105
003 RuSpLAN
005 20240216150941.0
008 240216s2019 ru gs 000 0 rus
020 |a 978-5-8265-2092-5 
040 |a RuSpLAN 
041 0 |a rus 
044 |a ru 
080 |a 657.6(075.8) 
084 |a У052.8я73  |2 rubbk 
245 0 0 |a Практический аудит  |c Кириченко Е. А.,Смагина М. Н. 
260 |a Тамбов  |b ТГТУ  |c 2019 
300 |a 83 с. 
500 |a Утверждено Учёным советом университета в качестве учебного пособия для студентов, обучающихся по направлению подготовки 38.03.01 «Экономика», очной и заочной форм обучения 
504 |a Библиогр.: доступна в карточке книги, на сайте ЭБС Лань 
520 8 |a Рассмотрены процедуры аудита отдельных статей бухгалтерской отчётности. Изложены основные подходы к аудиторской проверке основных средств и нематериальных активов, а также вложений во внеоборотные активы. Описаны приёмы проверки остатков и оборотов по счетам учёта материальнопроизводственных запасов: материалов, товаров, готовой продукции. Особое внимание уделено проведению аудита операций с наличными и безналичными денежными средствами, так как этот вид активов подвержен высокому риску присвоения. Предназначено для студентов, обучающихся по направлению подготовки 38.03.01 «Экономика», очной и заочной форм обучения. 
521 8 |a Книга из коллекции ТГТУ - Экономика и менеджмент 
521 8 |a СЭБ 
100 1 |a Кириченко Е. А. 
700 1 |a Смагина М. Н. 
856 4 |u https://e.lanbook.com/book/320105 
856 4 8 |u https://e.lanbook.com/img/cover/book/320105.jpg 
953 |a https://e.lanbook.com/img/cover/book/320105.jpg